000 02233cac a2200361 i 4500
003 EG-GICUC
005 20260308104036.0
008 040213s2005 nju fr 001 0 eng d
020 _a0130987603
020 _a9780130987600
040 _aDLC
_cDLC
_dDLC
_dEG-GICUC
_beng
_erda
043 _an-us---
050 0 0 _aKF9619
_b.I544 2005
082 0 0 _a343.3.073
_221
092 0 4 _221
099 _aLaw 10 2005
100 1 _aIngram, Jefferson.
245 1 0 _aCriminal procedure :
_btheory and practice /
_cJefferson Ingram.
250 _a1st edition.
264 _aUpper Saddle River, N.J. :
_bPrentice Hall,
_c2005.
300 _axl, 503 p. ;
_c26 cm.
_billustrations,
336 _atext
_btxt
_2rdacontent
337 _aComputer
_bn
_2rdamedia
338 _aOnline Resource
_bnc
_2rdacarrier
500 _aIncludes index.
505 0 _aFourth Amendment standards : probable cause to search, searches, warrants, and exceptions to the legal requirements -- The concept of stop and frisk -- Arrest and seizure of the person -- Fourth Amendment searches and seizures : houses, persons, motor vehicles, and effects -- Special problem searches : administrative, inventory, school, airport, and work searches -- Principles of the exclusionary rule : remedies and exceptions to constitutional violations -- Miranda principles : Fifth and Sixth Amendment influences on police practice -- Confession and the privilege against self-incrimination -- Identification procedures : constitutional considerations -- The decision to prosecute : indictment and information -- Plea bargaining and guilty pleas : constitutional standards -- Pretrial criminal procedure : preliminary hearing, bail, right to counsel, speedy trial, double jeopardy, and collateral estoppel -- The trial : constitutional rights and trial practice : jury trial, right to counsel, due process, and equal protection -- Appellate practice and other post-trial remedies.
650 0 _aCriminal procedure
_zUnited States.
650 0 _aCivil rights
_zUnited States.
856 4 1 _uhttps://fll.law.cu.edu.eg/fulltext/bks/ENGB10-00158.pdf
856 4 1 _3Table of contents
_uhttp://www.loc.gov/catdir/toc/ecip0415/2004003622.html
905 _a10
942 _2ddc
_cBK
_e21
_n0
999 _c54827
_d54827